| 000 | 01783cam0a2200481 4500 | ||
|---|---|---|---|
| 001 | 6331 | ||
| 010 | _a2020620251 | ||
| 010 | _a2020620294 | ||
| 010 | _a9782020620253 | ||
| 010 | _a9782020620291 | ||
| 010 | _a2020303558 | ||
| 010 | _a2020303523 | ||
| 090 | _a6331 | ||
| 099 | _tLIVR | ||
| 100 | _a20020227h19971997k y0frey50 ba | ||
| 101 | 0 | _afre | |
| 102 | _aFR | ||
| 200 | 1 |
_aHistoire des sciences arabes _h1 _iAstronomie, théorique et appliquée _fB. R. Goldstein _fH. Hugonnard-Roche _fH. Grosset-Grange _gsous la direction de Roshdi Rashed _gavec la collaboration de Régis Morelon _bLIVR |
|
| 210 |
_aFrance _cSeuil _d1997 |
||
| 215 |
_a1 vol. (376 p.-[12] p. de pl.) _cill., couv. ill. en coul. _d23 cm |
||
| 225 | 2 | _aScience ouverte | |
| 606 |
_302872433X _aAstronomie arabe _302726470X _xHistoire _913578 |
||
| 606 |
_3050546201 _aCivilisation arabe _302726470X _xHistoire _913579 |
||
| 606 |
_3033252831 _aSciences arabes _302726470X _xHistoire _913580 |
||
| 676 |
_a509.956 RAS _v21 |
||
| 700 | 1 |
_3098861352 _aGoldstein _bBernard R. _4070 _913581 |
|
| 701 | 1 |
_3032126816 _aGrosset-Grange _bHenri _4070 _913582 |
|
| 701 | 1 |
_3026659263 _aHugonnard-Roche _bHenri _4070 _913583 |
|
| 701 | 1 |
_3027090078 _aRashed _bRoshdi _4651 _913584 |
|
| 701 | 1 |
_3027038211 _aMorelon _bRégis _4205 _913585 |
|
| 801 | 3 |
_aFR _bAbes _c20240917 _gAFNOR |
|
| 801 | 3 |
_aFR _bAbes _c20240917 _gAFNOR |
|
| 801 | 3 |
_aFR _bAbes _c20240917 _gAFNOR |
|
| 801 | 3 |
_aFR _bAbes _c20240917 _gAFNOR |
|
| 801 | 3 |
_aFR _bAbes _c20240917 _gAFNOR |
|
| 801 | 3 |
_aFR _bElectre _c19991116 _gAFNOR |
|
| 801 | 3 |
_aFR _bBN _c19990130 _gAFNOR |
|
| 801 | 1 |
_aUS _bOCLC _gAACR2 _c20241101 |
|
| 801 | 2 |
_aFR _bAUROC _c20241101 _gUNIMARC |
|
| 801 | 0 |
_aFR _bSCD Le Mans _gAFNOR _c20241101 |
|
| 801 | 3 |
_aFR _bSF _c19990209 _gUNIMARC |
|
| 801 | 3 |
_aTN _b32Bis |
|
| 830 | _aABA | ||